000 00731nam a2200217 a 4500
999 _c2835
_d2835
001 2835
003 BD-JhCC
005 20171107111751.0
008 171107s1959 bg |||| ||a| 000 0 ben d
035 _a(BD-JhCC)2835
040 _aBD-JhCC
_dBD-JhCC
041 _aben
082 _a491.445
_bBID 1959
100 _aবিদ্যাসাগর, ঈশ্বরচন্দ্র
245 _aসমগ্র ব্যাকরণ-কৌমুদী /
_cঈশ্বরচন্দ্র বিদ্যাসাগর,
260 _aঢাকা :
_bপ্রেসিডেন্সী লাইব্রেরী,
_c1959
300 _a632 p. :
_c18 cm.
650 _aBengali Grammar
942 _2ddc
_cBK